| 000 | 00638nam a22002177a 4500 | ||
|---|---|---|---|
| 003 | OSt | ||
| 005 | 20150421181225.0 | ||
| 008 | 150421b xxu||||| |||| 00| 0 eng d | ||
| 020 | _a9780273723431 | ||
| 040 | _cDDC | ||
| 082 |
_222nd ed. _a001.42 FIS 2013 |
||
| 100 |
_aFisher, Colin _93977 |
||
| 245 |
_aResearching and writing a dissertation: _bAn essential guide for business students |
||
| 250 | _a3rd ed. | ||
| 260 |
_aEngland; _bPrentice Hall, _c2013 |
||
| 300 |
_axii,436p; _bcol.ill: _c25cm |
||
| 504 | _aRefereces & index included | ||
| 650 |
_aResearch methods _92296 |
||
| 650 |
_aReport Writing _92609 |
||
| 942 |
_2ddc _cO_SHELF |
||
| 999 |
_c1514 _d1514 |
||